000 00471nam a2200145Ia 4500
008 220217s9999 xx 000 0 und d
245 0 _aMethods of testing 3vulcanised rubber. Part A 48. Determination of static adhesion to textile cord (H-pull test).
260 _c1984
500 _aStandard number: BS 903 Part A 48 ISO 4647;1982- 1983
650 _aH pull test
650 _aStatic adhesion
650 _aTextile cord
650 _aVulcanized rubber
942 _cST
999 _c73193
_d73193